[Event "2BLS 2324 SV 1947 Walldorf - SC Eppingen"]
[Site "?"]
[Date "2024.03.16"]
[Round "9.8"]
[White "Schlegel, Igor"]
[Black "Cofmann, Veaceslav"]
[Result "1-0"]
[WhiteElo "2196"]
[BlackElo "2205"]
[PlyCount "95"]
[EventDate "2024.??.??"]

1. e4 e6 2. d4 d5 3. Nc3 Nf6 4. Bg5 dxe4 5. Nxe4 Nbd7 6. Nf3 Be7 7. Nxf6+ Bxf6 8. h4 O-O 9. Bd3 c5 10. Qe2 cxd4 11. O-O-O e5 12. Qe4 g6 13. Bxf6 Qxf6 14. Rhe1 Re8 15. Bb5 Rd8 16. Bxd7 Bxd7 17. Qxe5 Qxe5 18. Nxe5 Bc6 19. Nxc6 bxc6 20. Re5 Rac8 21. Rc5 Rd6 22. Re1 Rcd8 23. Kd2 Kf8 24. Kd3 f5 25. Ree5 R8d7 26. Rc4 Kg7 27. Rec5 Rb7 28. b3 Re6 29. Rxc6 Ree7 30. Rxd4 Re1 31. g3 Rbe7 32. Kc3 Kh6 33. Rcd6 Rf1 34. Rd2 f4 35. R6d3 fxg3 36. fxg3 Rg1 37. Rf3 Kh5 38. Kb4 Kg4 39. Rdd3 Rg2 40. c4 Rxa2 41. c5 Rb7+ 42. Kc4 a5 43. c6 Re7 44. Kb5 g5 45. hxg5 Kxg5 46. Rc3 Re8 47. c7 Rc8 48. Kb6 1-0

[Event "2BLS 2324 SK Schmiden/Cannstatt - TSV Sc"]
[Site "?"]
[Date "2024.03.16"]
[Round "9.1"]
[White "Lobron, Eric"]
[Black "Kabisch, Thilo"]
[Result "1/2-1/2"]
[WhiteElo "2471"]
[BlackElo "2224"]
[PlyCount "56"]
[EventDate "2024.??.??"]

1. Nf3 g6 2. d4 Nf6 3. Bg5 Ne4 4. Bh4 Bg7 5. Nbd2 d5 6. e3 c5 7. c3 cxd4 8. exd4 Nd6 9. Bd3 Nc6 10. O-O O-O 11. Re1 Nf5 12. Bg5 h6 13. Bf4 g5 14. Bg3 f6 15. b4 a6 16. a4 e6 17. Nb3 h5 18. Nc5 Nxg3 19. fxg3 e5 20. Nxg5 fxg5 21. Qxh5 e4 22. Rxe4 Bf5 23. Re3 Bxd3 24. Nxd3 Nxd4 25. cxd4 Bxd4 26. Qg6+ Kh8 27. Qh6+ Kg8 28. Qg6+ Kh8 1/2-1/2

[Event "2BLS 2324 SK Schmiden/Cannstatt - TSV Sc"]
[Site "?"]
[Date "2024.03.16"]
[Round "9.2"]
[White "Trachtmann, Mark"]
[Black "Frischmann, Rick"]
[Result "0-1"]
[WhiteElo "2212"]
[BlackElo "2368"]
[PlyCount "54"]
[EventDate "2024.??.??"]

1. d4 d5 2. c4 Nc6 3. Nf3 Bg4 4. Nc3 e6 5. Bf4 Nf6 6. e3 Bb4 7. Rc1 Qe7 8. a3 Bxc3+ 9. Rxc3 Bxf3 10. gxf3 O-O 11. Rg1 Rfd8 12. Bh6 g6 13. c5 e5 14. Be2 Re8 15. dxe5 Qxe5 16. Bf4 Qe7 17. Bg5 Rad8 18. Qa4 d4 19. Rb3 Qxc5 20. Rb5 Qd6 21. Rxb7 dxe3 22. fxe3 Qxh2 23. Kf1 Rd2 24. Rg2 Qh1+ 25. Rg1 Qh3+ 26. Ke1 Red8 27. Bxf6 Qh2 0-1

[Event "2BLS 2324 SK Schmiden/Cannstatt - TSV Sc"]
[Site "?"]
[Date "2024.03.16"]
[Round "9.3"]
[White "Cicak, Slavko"]
[Black "Krockenberger, Martin"]
[Result "1-0"]
[WhiteElo "2493"]
[BlackElo "2119"]
[PlyCount "97"]
[EventDate "2024.??.??"]

1. e4 c5 2. Nf3 d6 3. Bc4 Nf6 4. c3 g6 5. O-O Bg7 6. Re1 O-O 7. Bb3 Nc6 8. d3 e5 9. Bg5 h6 10. Bh4 Re8 11. Nbd2 Be6 12. Nf1 Qd7 13. Bxf6 Bxf6 14. Ne3 Bg7 15. a3 Kh7 16. h4 Rac8 17. h5 Rf8 18. g3 Bf6 19. Bxe6 Qxe6 20. Kg2 Kg7 21. Rh1 Ne7 22. Qa4 a6 23. Qc4 Qd7 24. Nd5 Nxd5 25. Qxd5 Qc6 26. Qa2 b5 27. a4 c4 28. axb5 axb5 29. Qb1 Ra8 30. Rxa8 Rxa8 31. hxg6 fxg6 32. Rd1 Rf8 33. Qc2 Bd8 34. d4 Bc7 35. dxe5 dxe5 36. Rd5 Qe8 37. Qe2 Rf6 38. Qd2 Rf7 39. Nh2 h5 40. Nf3 Re7 41. Qg5 Re6 42. g4 hxg4 43. Nh2 Bd6 44. Nxg4 Be7 45. Qh6+ Kg8 46. Nxe5 b4 47. Qd2 Bf8 48. Ng4 Qc6 49. Qd4 1-0

[Event "2BLS 2324 SK Schmiden/Cannstatt - TSV Sc"]
[Site "?"]
[Date "2024.03.16"]
[Round "9.5"]
[White "Schenderowitsch, Michael"]
[Black "Eisele, Steffen"]
[Result "0-1"]
[WhiteElo "2268"]
[BlackElo "2213"]
[PlyCount "76"]
[EventDate "2024.??.??"]

1. d4 g6 2. c4 Bg7 3. Nf3 d6 4. Nc3 Nd7 5. g3 e5 6. Bg2 exd4 7. Nxd4 Ngf6 8. O-O O-O 9. h3 Re8 10. e4 Nc5 11. Re1 a5 12. b3 h6 13. Rb1 Ne6 14. Ndb5 Bd7 15. Kh2 Bc6 16. Bb2 Nc5 17. Qc2 Bxb5 18. Nxb5 c6 19. Nc3 Qb6 20. Ba1 h5 21. f3 h4 22. g4 Nfd7 23. Qd2 Ne5 24. Rf1 Qb4 25. Kh1 Ned3 26. f4 g5 27. fxg5 a4 28. g6 fxg6 29. Qg5 Ne5 30. Ne2 Ne6 31. Qxh4 axb3 32. axb3 Ra2 33. Bc3 Qc5 34. Ng1 Qe3 35. Be1 Nf4 36. Bf2 Nxg2 37. Kxg2 Qxe4+ 38. Kh2 Nd3 0-1

[Event "2BLS 2324 SK Schmiden/Cannstatt - TSV Sc"]
[Site "?"]
[Date "2024.03.16"]
[Round "9.6"]
[White "Loehr, Markus"]
[Black "Krivonosov, Oleg"]
[Result "0-1"]
[WhiteElo "2196"]
[BlackElo "2348"]
[PlyCount "68"]
[EventDate "2024.??.??"]

1. d4 d5 2. Nf3 e6 3. c4 Nf6 4. g3 Be7 5. Bg2 O-O 6. O-O Nbd7 7. Qc2 c6 8. Rd1 b6 9. b3 Bb7 10. Nc3 h6 11. e4 dxe4 12. Nxe4 c5 13. Nxf6+ Bxf6 14. Bb2 Qc7 15. d5 exd5 16. cxd5 Rad8 17. d6 Qb8 18. Bxf6 Nxf6 19. Qd3 Be4 20. Qd2 Rfe8 21. b4 Re6 22. bxc5 bxc5 23. Qa5 Rexd6 24. Rxd6 Qxd6 25. Ne1 Qb6 26. Qa3 c4 27. Qc1 c3 28. Bxe4 Nxe4 29. Qf4 Qb2 30. Rc1 Nxf2 31. Qc7 Re8 32. Qxc3 Nh3+ 33. Kh1 Rxe1+ 34. Qxe1 Qb7+ 0-1

[Event "2BLS 2324 SK Schmiden/Cannstatt - TSV Sc"]
[Site "?"]
[Date "2024.03.16"]
[Round "9.7"]
[White "Goebel, Constantin"]
[Black "Thoma, Christian"]
[Result "1-0"]
[WhiteElo "2243"]
[BlackElo "2210"]
[PlyCount "59"]
[EventDate "2024.??.??"]

1. e4 c5 2. Nf3 d6 3. d4 cxd4 4. Nxd4 Nf6 5. Nc3 a6 6. f4 e5 7. Nf3 Nbd7 8. a4 Qc7 9. Bd3 Be7 10. O-O O-O 11. Kh1 Nc5 12. Qe1 Re8 13. fxe5 dxe5 14. Qg3 Bd8 15. Bg5 Be6 16. Qxe5 Qxe5 17. Nxe5 Ng4 18. Bf4 Nxe5 19. Bxe5 Ba5 20. Bd6 Nxd3 21. cxd3 Red8 22. e5 Rac8 23. Ne2 Rc2 24. Nd4 Rxb2 25. Nxe6 fxe6 26. Rab1 Rxb1 27. Rxb1 Rc8 28. h3 b6 29. d4 Rc4 30. Rf1 1-0

[Event "2BLS 2324 SK Schmiden/Cannstatt - TSV Sc"]
[Site "?"]
[Date "2024.03.16"]
[Round "9.8"]
[White "Suess, Stefan"]
[Black "Metzdorf, Matteo"]
[Result "0-1"]
[WhiteElo "1938"]
[BlackElo "2117"]
[PlyCount "104"]
[EventDate "2024.??.??"]

1. e4 c5 2. Nf3 e6 3. d4 cxd4 4. Nxd4 a6 5. Bc4 Nf6 6. Nc3 Qc7 7. Qe2 b5 8. Bb3 Bc5 9. Be3 Bb7 10. O-O-O Bb4 11. Bd2 Bxc3 12. Bxc3 Qf4+ 13. Kb1 Nxe4 14. Be1 O-O 15. f3 Nc5 16. Bg3 Qf6 17. Bd6 Rc8 18. g4 Nxb3 19. axb3 Nc6 20. Nxc6 Bxc6 21. Rhf1 Bd5 22. f4 Rc6 23. Be5 Qh4 24. g5 Qh3 25. f5 Qg2 26. Qxg2 Bxg2 27. Rf2 Bd5 28. f6 g6 29. b4 Rac8 30. Bc3 Rc4 31. Rd4 d6 32. Rfd2 Kf8 33. h4 Ke8 34. Rxc4 Rxc4 35. Rd4 Kd7 36. Kc1 Rxd4 37. Bxd4 e5 38. Bf2 Ke6 39. Kd2 Bg2 40. Ke3 Kd5 41. b3 Bh3 42. Be1 Bf5 43. Kd2 Ke4 44. c4 bxc4 45. bxc4 Kd4 46. c5 d5 47. c6 e4 48. c7 e3+ 49. Kd1 Kd3 50. Bg3 d4 51. Bd6 Bg4+ 52. Ke1 Ke4 0-1

[Event "2BLS 2324 TSV Schönaich - SV 1920 Hofhe"]
[Site "?"]
[Date "2024.03.16"]
[Round "9.1"]
[White "Bosiocic, Marin"]
[Black "Koelle, Tobias"]
[Result "1-0"]
[WhiteElo "2549"]
[BlackElo "2460"]
[PlyCount "75"]
[EventDate "2024.??.??"]

1. Nf3 d5 2. c4 d4 3. b4 c5 4. e3 dxe3 5. fxe3 cxb4 6. d4 e6 7. Bd3 Nf6 8. O-O Be7 9. Bb2 O-O 10. e4 a5 11. Nbd2 Nfd7 12. e5 b5 13. Qc2 h6 14. c5 Qc7 15. Ne4 Bb7 16. Qf2 f5 17. Nd6 Bd5 18. Nh4 Bxh4 19. Qxh4 Nc6 20. Nxb5 Qb8 21. Qg3 a4 22. Bc1 Kh7 23. Be3 a3 24. Nd6 Ne7 25. Bc2 Qd8 26. Qh3 Ng8 27. g4 g6 28. gxf5 exf5 29. Nxf5 gxf5 30. Rxf5 Kg7 31. Rg5+ Kh8 32. Rg6 Rf3 33. Rxh6+ Kg7 34. Rh7+ Kf8 35. Bh6+ Ke8 36. Bg6+ Rf7 37. e6 Ne7 38. Bxf7# 1-0

[Event "2BLS 2324 TSV Schönaich - SV 1920 Hofhe"]
[Site "?"]
[Date "2024.03.16"]
[Round "9.2"]
[White "Deuer, Marius"]
[Black "Sumets, Andrey"]
[Result "1-0"]
[WhiteElo "2430"]
[BlackElo "2518"]
[PlyCount "59"]
[EventDate "2024.??.??"]

1. d4 Nf6 2. c4 e6 3. Nc3 Bb4 4. e3 O-O 5. Bd3 d5 6. cxd5 exd5 7. a3 Bd6 8. Qc2 b6 9. b4 a6 10. Nge2 Re8 11. O-O Bb7 12. Rb1 Ne4 13. f3 Nxc3 14. Nxc3 g6 15. e4 dxe4 16. fxe4 Qh4 17. g3 Bxg3 18. Qg2 Bd6 19. Bg5 Bxh2+ 20. Kh1 Qg3 21. Bc4 Rf8 22. Rf3 Qxg2+ 23. Kxg2 b5 24. Ba2 a5 25. Rbf1 axb4 26. Rxf7 Rxf7 27. Bxf7+ Kg7 28. Be6 Ra6 29. Rf7+ Kg8 30. Bh6 1-0

[Event "2BLS 2324 TSV Schönaich - SV 1920 Hofhe"]
[Site "?"]
[Date "2024.03.16"]
[Round "9.3"]
[White "Shneider, Aleksandr"]
[Black "Iermito, Sebastian"]
[Result "0-1"]
[WhiteElo "2461"]
[BlackElo "2509"]
[PlyCount "46"]
[EventDate "2024.??.??"]

1. d4 d5 2. c4 dxc4 3. Nf3 e6 4. e3 b5 5. a4 c6 6. b3 Bb4+ 7. Bd2 Bxd2+ 8. Nfxd2 cxb3 9. axb5 b2 10. Ra2 Ne7 11. Qb3 Bb7 12. Rxb2 O-O 13. b6 c5 14. bxa7 Rxa7 15. dxc5 Nd7 16. Qc2 Qa8 17. Bd3 Rc8 18. f3 Nxc5 19. Bc4 Na4 20. Rb3 Nd5 21. Kf2 Nab6 22. Rc1 Nxc4 23. Nxc4 Ra2 0-1

[Event "2BLS 2324 TSV Schönaich - SV 1920 Hofhe"]
[Site "?"]
[Date "2024.03.16"]
[Round "9.4"]
[White "Korneev, Oleg"]
[Black "Ginsburg, Gennadi"]
[Result "1/2-1/2"]
[WhiteElo "2482"]
[BlackElo "2431"]
[PlyCount "37"]
[EventDate "2024.??.??"]

1. d4 d5 2. Nf3 Nf6 3. Bf4 e6 4. e3 c5 5. c3 Nc6 6. Nbd2 Bd6 7. Bg3 Qe7 8. Ne5 h5 9. Bb5 Bd7 10. Bxc6 Bxc6 11. Nxc6 bxc6 12. Qa4 O-O 13. O-O Bxg3 14. hxg3 Rab8 15. Rab1 cxd4 16. cxd4 c5 17. dxc5 Qxc5 18. Rfc1 Qe7 19. b4 1/2-1/2

[Event "2BLS 2324 TSV Schönaich - SV 1920 Hofhe"]
[Site "?"]
[Date "2024.03.16"]
[Round "9.5"]
[White "Gurevich, Vladimir"]
[Black "Kocharin, Timur"]
[Result "1/2-1/2"]
[WhiteElo "2447"]
[BlackElo "2259"]
[PlyCount "45"]
[EventDate "2024.??.??"]

1. e4 c5 2. Nf3 d6 3. d4 cxd4 4. Nxd4 Nf6 5. Nc3 a6 6. a4 g6 7. Be2 Bg7 8. O-O O-O 9. Be3 Nc6 10. Nb3 Be6 11. f4 Rc8 12. Kh1 Na5 13. f5 Nxb3 14. cxb3 Bd7 15. Bd4 Bc6 16. a5 e5 17. Bb6 Qd7 18. Bg4 Qe7 19. fxg6 hxg6 20. Bxc8 Rxc8 21. Qd3 Qe6 22. Rad1 Qxb3 23. Qe2 1/2-1/2

[Event "2BLS 2324 TSV Schönaich - SV 1920 Hofhe"]
[Site "?"]
[Date "2024.03.16"]
[Round "9.6"]
[White "Beyer, Christian"]
[Black "Doric, Darko"]
[Result "1/2-1/2"]
[WhiteElo "2215"]
[BlackElo "2447"]
[PlyCount "200"]
[EventDate "2024.??.??"]

1. e4 c6 2. d4 d5 3. exd5 cxd5 4. c4 Nf6 5. Nc3 e6 6. Nf3 Be7 7. a3 O-O 8. Bd3 dxc4 9. Bxc4 Nbd7 10. O-O Nb6 11. Ba2 Bd7 12. Qe2 Bc6 13. Rd1 Nbd5 14. Ne5 Rc8 15. Bg5 Nxc3 16. bxc3 Nd5 17. Bd2 Ba4 18. Re1 Be8 19. Qd3 b5 20. Bb1 f5 21. Ba2 Bf6 22. Bb3 Qd6 23. a4 bxa4 24. Bxa4 Bxe5 25. Rxe5 Bxa4 26. Rxa4 Rf7 27. Ra6 Nb6 28. Qe2 Rc6 29. Rea5 Rcc7 30. g3 Qc6 31. Re5 Rf6 32. Bg5 Rf8 33. Rc5 Qd7 34. Rxc7 Qxc7 35. Qxe6+ Qf7 36. Qxf7+ Rxf7 37. Bd8 Nc4 38. Rc6 Nd2 39. Ba5 Re7 40. d5 Rd7 41. c4 Nf3+ 42. Kg2 Ne5 43. Rc8+ Kf7 44. Bc3 Ng6 45. Kf3 Ne7 46. Ra8 Rc7 47. d6 Rxc4 48. Bxg7 Nc6 49. d7 Kxg7 50. Rc8 Rd4 51. Rxc6 Rxd7 52. Ra6 Rd4 53. Rxa7+ Kg6 54. Ra6+ Kg7 55. Rb6 Ra4 56. Rc6 Rb4 57. Ke3 Re4+ 58. Kd3 Re1 59. Rc2 Kf6 60. Re2 Rh1 61. f3 h5 62. Ke3 h4 63. gxh4 Ra1 64. Kf4 Ra4+ 65. Kg3 Rb4 66. Rc2 Rb6 67. Rc5 Kg6 68. Rc8 Ra6 69. Rh8 Kg7 70. Rb8 Kg6 71. Rb5 Rc6 72. h5+ Kg5 73. h4+ Kxh5 74. Rxf5+ Kg6 75. Ra5 Rc1 76. Kg4 Rg1+ 77. Kf4 Rh1 78. h5+ Kh6 79. Re5 Ra1 80. Kg4 Rg1+ 81. Kf5 Kxh5 82. f4 Ra1 83. Re8 Ra5+ 84. Re5 Ra1 85. Kf6+ Kh6 86. f5 Ra8 87. Kf7 Ra7+ 88. Re7 Ra8 89. f6 Kh7 90. Rd7 Kh6 91. Rd1 Ra7+ 92. Ke6 Ra6+ 93. Ke7 Ra7+ 94. Rd7 Ra8 95. Rd1 Ra7+ 96. Ke6 Ra6+ 97. Rd6 Ra8 98. Ke7 Kh7 99. Rd8 Ra7+ 100. Rd7 Ra8 1/2-1/2

[Event "2BLS 2324 TSV Schönaich - SV 1920 Hofhe"]
[Site "?"]
[Date "2024.03.16"]
[Round "9.7"]
[White "Womacka, Mathias"]
[Black "Keilhack, Harald"]
[Result "1/2-1/2"]
[WhiteElo "2363"]
[BlackElo "2217"]
[PlyCount "187"]
[EventDate "2024.??.??"]

1. e4 c5 2. Nf3 e6 3. d4 cxd4 4. Nxd4 Nf6 5. Nc3 d6 6. g4 e5 7. Bb5+ Bd7 8. Bxd7+ Qxd7 9. Nf5 h5 10. gxh5 Nxh5 11. Ng3 Qh3 12. Qf3 Nc6 13. Be3 Nxg3 14. fxg3 Qe6 15. O-O-O O-O-O 16. h4 g6 17. Rhf1 Rd7 18. Nd5 Bh6 19. Bxh6 Rxh6 20. Qe3 Rh8 21. Rf6 Qe8 22. Rdf1 Kb8 23. Qf2 Nd8 24. Kb1 Qg8 25. a4 Qg7 26. a5 g5 27. Qf5 Ne6 28. hxg5 Qxg5 29. Rxf7 Qxf5 30. R1xf5 Rxf7 31. Rxf7 Ng5 32. Rg7 Nxe4 33. g4 Nd2+ 34. Ka2 Nc4 35. b3 Nxa5 36. g5 Nc6 37. g6 Rc8 38. Ne7 Nxe7 39. Rxe7 a5 40. g7 Ka7 41. c4 Rg8 42. Rd7 Kb6 43. Rxd6+ Kc5 44. Rd7 b6 45. Kb2 a4 46. bxa4 Kxc4 47. Kc2 Kb4 48. Ra7 Kc4 49. Kd2 Kd4 50. Ke2 Ke4 51. Rf7 Kd5 52. Ke3 Ke6 53. Ra7 Kf6 54. Ke4 Rd8 55. Rb7 Rd4+ 56. Kf3 Rd3+ 57. Kg4 Rd4+ 58. Kh5 Rd1 59. g8=N+ Kf5 60. Nh6+ Ke4 61. Rxb6 Ra1 62. Ra6 Kd3 63. Nf5 e4 64. Kg4 e3 65. Rd6+ Kc3 66. Nxe3 Rxa4+ 67. Kf3 Ra8 68. Ng4 Re8 69. Kf4 Kc4 70. Rd1 Kc3 71. Ne5 Kc2 72. Rh1 Kc3 73. Rc1+ Kd2 74. Rc7 Rh8 75. Ke4 Rh4+ 76. Kd5 Ra4 77. Rh7 Ke2 78. Rh2+ Ke3 79. Rh3+ Ke2 80. Nc4 Ra8 81. Ke4 Re8+ 82. Ne5 Kd2 83. Rg3 Re6 84. Kd4 Rd6+ 85. Kc4 Rd8 86. Nc6 Rd7 87. Ne5 Rd8 88. Ng4 Ke2 89. Re3+ Kd2 90. Rf3 Rc8+ 91. Kd4 Rd8+ 92. Ke4 Re8+ 93. Ne5 Kc2 94. Rh3 1/2-1/2

[Event "2BLS 2324 TSV Schönaich - SV 1920 Hofhe"]
[Site "?"]
[Date "2024.03.16"]
[Round "9.8"]
[White "Reck, Moritz"]
[Black "Plenca, Julijan"]
[Result "0-1"]
[WhiteElo "2050"]
[BlackElo "2432"]
[PlyCount "92"]
[EventDate "2024.??.??"]

1. e4 e5 2. Nf3 Nc6 3. Bb5 a6 4. Ba4 Nf6 5. O-O b5 6. Bb3 Bc5 7. c3 d6 8. d4 Bb6 9. dxe5 Nxe5 10. Nxe5 dxe5 11. Qxd8+ Kxd8 12. Bg5 Ke7 13. Nd2 h6 14. Bh4 g5 15. Bg3 Nd7 16. Bd5 Rb8 17. a4 Bb7 18. Bxb7 Rxb7 19. axb5 axb5 20. Nb3 f6 21. Rfd1 Rg8 22. Na5 Bxa5 23. Rxa5 Nc5 24. f3 Na4 25. Bf2 c6 26. Ra6 Rc8 27. b3 Nxc3 28. Bc5+ Kf7 29. Rd6 Ne2+ 30. Kf2 Nf4 31. Raxc6 Rxc6 32. Rxc6 Rd7 33. g3 Nd3+ 34. Ke3 Nc1 35. b4 Rd3+ 36. Kf2 Rd2+ 37. Kg1 Ne2+ 38. Kh1 Nd4 39. Rc7+ Kg6 40. Bxd4 Rxd4 41. Kg2 h5 42. Kh3 Rxb4 43. g4 hxg4+ 44. Kxg4 f5+ 45. Kg3 fxe4 46. fxe4 Rxe4 0-1

[Event "2BLS 2324 OSG Baden-Baden II - SV 1947 W"]
[Site "?"]
[Date "2024.03.17"]
[Round "10.1"]
[White "Gschnitzer, Adrian"]
[Black "Dann, Matthias"]
[Result "1/2-1/2"]
[WhiteElo "2423"]
[BlackElo "2476"]
[PlyCount "84"]
[EventDate "2024.??.??"]

1. e4 c5 2. Nf3 d6 3. d4 cxd4 4. Nxd4 Nf6 5. Nc3 a6 6. Be3 Ng4 7. Bc1 Nf6 8. Be3 e5 9. Nb3 Be7 10. h3 Be6 11. Qf3 Nbd7 12. Nd5 Rc8 13. c4 O-O 14. Bd3 b6 15. O-O a5 16. Rac1 Nc5 17. Bc2 Nxd5 18. cxd5 Bd7 19. Nxc5 bxc5 20. b3 Bg5 21. Rfe1 Rb8 22. Bd3 Rb4 23. Bc4 Bxe3 24. Rxe3 Qh4 25. Rcc3 Rfb8 26. Qe2 g6 27. Kh2 Kg7 28. Qf1 Bb5 29. Bxb5 R4xb5 30. g3 Qe7 31. Rc4 Rb4 32. Kg2 Rxc4 33. bxc4 a4 34. Qd1 Rb4 35. Qc2 Qa7 36. h4 h5 37. a3 Rb6 38. Rf3 Qd7 39. Re3 Rb7 40. Rf3 Rb6 41. Re3 Rb7 42. Rf3 Rb6 1/2-1/2

[Event "2BLS 2324 OSG Baden-Baden II - SV 1947 W"]
[Site "?"]
[Date "2024.03.17"]
[Round "10.2"]
[White "Martin, Julian"]
[Black "Muckle, Julius"]
[Result "1-0"]
[WhiteElo "2408"]
[BlackElo "2389"]
[PlyCount "81"]
[EventDate "2024.??.??"]

1. e4 e6 2. d4 d5 3. Nc3 Nf6 4. Bg5 Be7 5. e5 Nfd7 6. h4 h6 7. Bxe7 Qxe7 8. f4 a6 9. Nf3 c5 10. Qd2 Nc6 11. Ne2 b5 12. g4 Bb7 13. O-O-O Nb6 14. f5 O-O-O 15. Kb1 Nc4 16. Qf4 f6 17. b3 fxe5 18. dxe5 Nb6 19. f6 Qc7 20. g5 gxf6 21. gxf6 d4 22. Bh3 Nb4 23. Bxe6+ Kb8 24. Rh3 N6d5 25. Bxd5 Nxd5 26. Qh2 Ne3 27. Rg1 Qh7 28. Ne1 Qf5 29. Rg7 Qf1 30. Rg1 Qf5 31. e6+ Ka8 32. e7 Rc8 33. Rxe3 dxe3 34. Qf4 Qe6 35. Rg3 Rc6 36. Rxe3 Qf7 37. Nd3 Re6 38. Nxc5 Rxe3 39. Qxe3 Rc8 40. Nd7 Re8 41. Nd4 1-0

[Event "2BLS 2324 OSG Baden-Baden II - SV 1947 W"]
[Site "?"]
[Date "2024.03.17"]
[Round "10.3"]
[White "Faerber, David"]
[Black "Schmider, Niklas"]
[Result "1-0"]
[WhiteElo "2394"]
[BlackElo "2421"]
[PlyCount "79"]
[EventDate "2024.??.??"]

1. e4 e5 2. Nf3 Nc6 3. Bb5 a6 4. Ba4 Nf6 5. O-O Bc5 6. c3 b5 7. Bb3 d6 8. a4 Bg4 9. h3 Bxf3 10. Qxf3 Na5 11. Bc2 b4 12. Rd1 b3 13. Bd3 O-O 14. Be2 d5 15. d3 h6 16. Qg3 Kh8 17. Qxe5 Nc6 18. Qf5 Ne7 19. Qf3 Ng6 20. Nd2 Re8 21. g3 Qe7 22. Bf1 dxe4 23. Nxe4 Ne5 24. Qf5 Nxe4 25. Qxe4 f5 26. Qg2 Ng6 27. d4 Bd6 28. Bd3 Qf7 29. Bd2 f4 30. Re1 Rf8 31. Rad1 f3 32. Qh2 Nh4 33. Re4 Nf5 34. Bf4 Rae8 35. g4 Rxe4 36. Bxe4 Nh4 37. Bxd6 cxd6 38. Qxd6 Re8 39. Bd5 Qa7 40. c4 1-0

[Event "2BLS 2324 OSG Baden-Baden II - SV 1947 W"]
[Site "?"]
[Date "2024.03.17"]
[Round "10.4"]
[White "Hagner, Bennet"]
[Black "Vonthron, Horst"]
[Result "1-0"]
[WhiteElo "2354"]
[BlackElo "2350"]
[PlyCount "67"]
[EventDate "2024.??.??"]

1. e4 c5 2. Nf3 d6 3. d4 cxd4 4. Nxd4 Nf6 5. Nc3 a6 6. Qd3 g6 7. Bg5 Nbd7 8. Be2 Bg7 9. f4 h6 10. Bh4 O-O 11. O-O-O Qc7 12. g4 e5 13. Nf5 exf4 14. Nxg7 Kxg7 15. g5 hxg5 16. Bxg5 d5 17. exd5 Qe5 18. h4 Nh7 19. Qd4 Nxg5 20. hxg5 f6 21. gxf6+ Qxf6 22. Qf2 f3 23. Bd3 Ne5 24. Ne4 Qf4+ 25. Kb1 Bf5 26. Rh4 Ng4 27. Qb6 Bxe4 28. Rdh1 Rh8 29. Qxb7+ Qf7 30. Rh7+ Rxh7 31. Rxh7+ Kxh7 32. Qxf7+ Kh6 33. Bxe4 f2 34. Qxg6# 1-0

[Event "2BLS 2324 OSG Baden-Baden II - SV 1947 W"]
[Site "?"]
[Date "2024.03.17"]
[Round "10.5"]
[White "Gschnitzer, Oswald"]
[Black "Demuth, Adrien"]
[Result "1/2-1/2"]
[WhiteElo "2344"]
[BlackElo "2515"]
[PlyCount "70"]
[EventDate "2024.??.??"]

1. Nf3 d5 2. c4 e6 3. d4 Nf6 4. Nc3 dxc4 5. e4 b5 6. Nxb5 Nxe4 7. Qa4 Nc6 8. Bxc4 Bb4+ 9. Ke2 O-O 10. Rd1 Bd7 11. Qc2 Nd6 12. Nxd6 Bxd6 13. Bg5 Ne7 14. Ne5 h6 15. Bxe7 Qxe7 16. Nxd7 Qxd7 17. Kf1 Qe7 18. Qe4 Rad8 19. Rd3 c5 20. Rad1 cxd4 21. Rxd4 Bc5 22. Rxd8 Rxd8 23. Rxd8+ Qxd8 24. g3 Qf6 25. Qe2 g6 26. Kg2 Qg7 27. b3 Qd4 28. h4 h5 29. Qf3 Qd2 30. Qe2 Qd4 31. Qf3 a5 32. a4 Qd2 33. Qe2 Qd4 34. Qf3 Qd2 35. Qe2 Qd4 1/2-1/2

[Event "2BLS 2324 OSG Baden-Baden II - SV 1947 W"]
[Site "?"]
[Date "2024.03.17"]
[Round "10.6"]
[White "Riff, Jean-Noel"]
[Black "Fichter, Fabian"]
[Result "1/2-1/2"]
[WhiteElo "2401"]
[BlackElo "2274"]
[PlyCount "105"]
[EventDate "2024.??.??"]

1. e4 c6 2. d4 d5 3. Nc3 dxe4 4. Nxe4 Nf6 5. Nxf6+ exf6 6. c3 Bd6 7. Bd3 O-O 8. Qc2 Re8+ 9. Ne2 h5 10. O-O h4 11. Nf4 Nd7 12. Qd1 Nf8 13. Qh5 Qc7 14. g3 Qd7 15. Bd2 Qg4 16. Qxg4 Bxg4 17. f3 Bd7 18. gxh4 Ne6 19. Ng2 g6 20. Rfe1 Ng7 21. Rxe8+ Rxe8 22. Re1 Rxe1+ 23. Bxe1 Nh5 24. Bd2 Kg7 25. c4 Bh3 26. b3 Bxg2 27. Kxg2 Nf4+ 28. Bxf4 Bxf4 29. h5 Kh6 30. hxg6 fxg6 31. h3 g5 32. Kf2 Kg7 33. Bf5 Kf7 34. Ke2 Ke7 35. Kd3 Bc1 36. Ke4 Kd8 37. Be6 Bb2 38. d5 Kc7 39. c5 cxd5+ 40. Kxd5 a5 41. Bf5 Be5 42. Be4 b6 43. c6 Bb2 44. Ke6 Bc3 45. Kf5 Bb2 46. a4 Bc3 47. Kg4 Bb2 48. f4 Bc1 49. Kf5 Bd2 50. Bf3 Bc1 51. Kxf6 Bxf4 52. Kf5 Bc1 53. Bg2 1/2-1/2

[Event "2BLS 2324 OSG Baden-Baden II - SV 1947 W"]
[Site "?"]
[Date "2024.03.17"]
[Round "10.7"]
[White "Hauser, Carlos"]
[Black "Breder, Dennis"]
[Result "1/2-1/2"]
[WhiteElo "2209"]
[BlackElo "2412"]
[PlyCount "36"]
[EventDate "2024.??.??"]

1. d4 Nf6 2. c4 e6 3. Nc3 Bb4 4. e3 O-O 5. Bd2 b6 6. Nf3 d5 7. cxd5 exd5 8. Rc1 c5 9. dxc5 bxc5 10. Bb5 a6 11. Ba4 Bg4 12. O-O Ra7 13. a3 Ba5 14. h3 Bh5 15. Ne2 Bxf3 16. gxf3 c4 17. Nd4 Rb7 18. b3 Bxd2 1/2-1/2

[Event "2BLS 2324 OSG Baden-Baden II - SV 1947 W"]
[Site "?"]
[Date "2024.03.17"]
[Round "10.8"]
[White "Semling, Johannes"]
[Black "Schlegel, Igor"]
[Result "0-1"]
[WhiteElo "2143"]
[BlackElo "2196"]
[PlyCount "78"]
[EventDate "2024.??.??"]

1. e4 c5 2. Nf3 d6 3. d4 cxd4 4. Nxd4 Nf6 5. Nc3 a6 6. Bg5 Nbd7 7. Bc4 Qb6 8. Bb3 e6 9. Bxf6 Nxf6 10. Qd2 Nd7 11. O-O-O Nc5 12. f4 Bd7 13. g4 O-O-O 14. Kb1 g6 15. g5 Bg7 16. Rhf1 Kb8 17. f5 Nxb3 18. axb3 exf5 19. Nd5 Qxd4 20. Qxd4 Bxd4 21. Rxd4 h6 22. Nb6 Be6 23. exf5 Bxf5 24. Nc4 hxg5 25. Nxd6 Be6 26. Nxf7 Rxd4 27. Nxh8 Bf5 28. Nf7 Rd2 29. Nxg5 Bxc2+ 30. Kc1 Rg2 31. Rf8+ Ka7 32. h4 Bf5 33. Nf3 Rc2+ 34. Kd1 Rf2 35. Ne5 Bg4+ 36. Nxg4 Rxf8 37. Ne5 Rf6 38. Kd2 Re6 39. Nd3 Re4 0-1

[Event "2BLS 2324 SC Eppingen - SC Viernheim II"]
[Site "?"]
[Date "2024.03.17"]
[Round "10.1"]
[White "Velten, Paul"]
[Black "Acs, Peter"]
[Result "0-1"]
[WhiteElo "2475"]
[BlackElo "2580"]
[PlyCount "53"]
[EventDate "2024.??.??"]

1. e4 e5 2. Nf3 Nc6 3. d4 exd4 4. Nxd4 Bc5 5. Nb3 Bb6 6. Nc3 d6 7. Bd3 Qh4 8. g3 Qf6 9. f4 Nge7 10. Qe2 h5 11. h3 a5 12. Na4 Ba7 13. Be3 Bxe3 14. Qxe3 Nb4 15. Nc3 a4 16. Nd4 a3 17. b3 O-O 18. g4 d5 19. e5 Qh6 20. Qf3 c5 21. Nde2 f5 22. gxh5 Be6 23. Rg1 c4 24. bxc4 dxc4 25. Qxb7 Nbc6 26. Rg5 cxd3 27. cxd3 0-1

[Event "2BLS 2324 SC Eppingen - SC Viernheim II"]
[Site "?"]
[Date "2024.03.17"]
[Round "10.2"]
[White "Noe, Christopher"]
[Black "Beikert, Guenther"]
[Result "1-0"]
[WhiteElo "2527"]
[BlackElo "2370"]
[PlyCount "53"]
[EventDate "2024.??.??"]

1. d4 d5 2. c4 c6 3. Nf3 Nf6 4. Nbd2 e6 5. Qc2 Nbd7 6. e3 Be7 7. Bd3 O-O 8. O-O b6 9. b3 Bb7 10. Bb2 c5 11. cxd5 exd5 12. Rac1 cxd4 13. Nxd4 Nc5 14. Nf5 a5 15. Rfd1 Re8 16. Bb5 Rf8 17. Nc4 Ncd7 18. Bxd7 Nxd7 19. Bxg7 dxc4 20. Qxc4 Rc8 21. Qg4 Bg5 22. Rxc8 Bxc8 23. h4 Re8 24. hxg5 Qc7 25. Qd4 h5 26. gxh6 Nc5 27. h7+ 1-0

[Event "2BLS 2324 SC Eppingen - SC Viernheim II"]
[Site "?"]
[Date "2024.03.17"]
[Round "10.3"]
[White "Dobrikov, Marco"]
[Black "Hacker, Jonas"]
[Result "1-0"]
[WhiteElo "2362"]
[BlackElo "2399"]
[PlyCount "91"]
[EventDate "2024.??.??"]

1. e4 c5 2. Nf3 e6 3. d4 cxd4 4. Nxd4 Nf6 5. Nc3 Nc6 6. Ndb5 Bb4 7. a3 Bxc3+ 8. Nxc3 d5 9. exd5 exd5 10. Bd3 O-O 11. O-O d4 12. Ne4 Bf5 13. Bg5 Bxe4 14. Bxe4 h6 15. Bxf6 Qxf6 16. Qf3 Qxf3 17. Bxf3 Rfd8 18. Rad1 Rac8 19. Rd2 g6 20. Rfd1 Re8 21. Kf1 Re5 22. Re2 Rxe2 23. Kxe2 Kg7 24. Bxc6 Rxc6 25. Kd3 Rc5 26. Rd2 Rh5 27. h3 Rg5 28. g3 Rh5 29. h4 Rb5 30. b4 Kf6 31. Kxd4 Rf5 32. Re2 Rf3 33. a4 Ra3 34. a5 Ra2 35. Kd3 h5 36. Re8 Ra3+ 37. c3 Ra2 38. Rb8 Rxf2 39. Rxb7 Rf3+ 40. Kc2 Rxg3 41. Rxa7 g5 42. hxg5+ Rxg5 43. Ra8 Kg7 44. a6 Rg1 45. a7 Re1 46. b5 1-0